000
00352 a2200169 4500
001
192261
020
_a
85-08-04588-3
040
_c
Magnum
100
_a
Sabino, Fernando
240
1
0
_a
Os restos mortais
_l
por
245
1
0
_a
Os restos mortais
300
_a
55
362
0
_a
1995
440
1
_a
Ática
697
_a
LITERATURA JUVENIL
942
_c
BK
999
_c
192261
_d
192261